| 000 | 00521nam a2200193Ia 4500 | ||
|---|---|---|---|
| 003 | OSt | ||
| 005 | 20240502151817.0 | ||
| 008 | 210210b1960 xxu||||| |||| 00| 0 eng d | ||
| 040 | _cAL | ||
| 041 | _aKannada | ||
| 082 | _aK894.2 JAYA | ||
| 100 |
_aJAYASHANKARA PRASAD. _dಜೈಶಂಕರ್ ಪ್ರಸಾದ್ _9162927 |
||
| 245 |
_aAjatashatru. _bಅಜಾತಶತ್ರು |
||
| 260 |
_aMaisuru _bGita Buk Haus _c1960 |
||
| 300 | _a147 | ||
| 690 |
_aKannada Drama _9162928 |
||
| 906 | _a028050 | ||
| 942 |
_2ddc _cBK |
||
| 999 |
_c79311 _d79311 |
||